NBA Trivia - Statistics

General Stats
  • This quiz has been taken 117 times
  • The average score is 13 of 15
Answer Stats
Hint Answer % Correct
Where is Madison Square Garden located? New York
100%
How many teams has Shaq played for? 6
98%
Which team came back 3-1 in the finals? Cleveland Cavaliers
95%
Who is known as the "Slim Reaper"? Kevin Durant
95%
Which NBA player left to play baseball? Michael Jordan
94%
Where was LeBron James Born? Akron, Ohio
92%
Who is known as "Spida"? Donovan Mitchell
91%
Where was Trae Young traded? Washington Wizards
90%
Who won Rookie of the Year in 2024? Victor Wembanyama
89%
What team did Giannis beat in the 2021 NBA finals? Phoenix Suns
88%
Who won the MVP in 2010-2011? Derrick Rose
82%
Who was the shortest player in the NBA? Mugsy Bogues
79%
Who is 2nd all time in 3 pointers made? James Harden
77%
Who won the NBA dunk contest 3 times in a row? Mac McClung
65%
Which NBA player symbolizes "Green FN" LaMelo Ball
21%
No matching quizzes found
Score Distribution
Percent of People with Each Score
Percentile by Number Answered
Your Score History
You have not taken this quiz